1154 1323 1865 1810 1199 1185 1463 1922 1198 1222 1522 1525 1800 1069 1812 1187 1957 1866 1495 1727 1122 1494 1494 1532 1173 1240 1108 1289 1499 1339 1760 1276 1036 1538 1817 1226 1178 1525 1136 1364 1811 1004 1370 1829 1653 1179 1693 1129 1597 1260 1933 1354 1207 1783 1936 1652 1752 1667 1951 1991 1662 1016 1625 1083 1814 1637 1831 1858 1870 1381 1787 1553 1690 1660 1715 1245 1821 1733 1408 1668 1160 1969 1295 1028 1466 1970 1443 1792 1742 1774 1102 1834 1280 1368 1383 1911 1340 1534 1705 BCNSPRNW ULIB Ver.6.0+V

เปลี่ยนเป็นภาษาไทย

Change to English
 แสดงรายละเอียดบรรณานุกรม
  กลับหน้าหลัก

Brief Record : Get Marc (ISO 2709) : E-mail record : QR code < ปิดหน้าต่าง
LEADER : 00000nam 2200000uu 4500
001    13399124850
003     ULIB
008    160408s2555||||th 000 0 tha d
020    ^a9786165515467
040    ^abrv
060 04 ^aWP250^bช561ก
100 0  ^aชินา โอฬาธรัตนพันธ์
245 10 ^aการตรวจปากมดลูก ด้วยกล้องขยายทางช่องคลอด สำหรับสูติศาสตร์ - นรีแพทย์ทั่วไป /^cชินา โอฬาธรัตนพันธ์, อภิชัย วศุรัตน์ และ สมชัย นิรุตติศาศน์, บรรณาธิการ
250    ^aพิมพ์ครั้งที่ 1
260    ^aกรุงเทพฯ :^bหน่วยมะเร็งนรีเวชวิทยาและหน่วยพยาธิ-เซลล์วิทยา ภาควิชาสูติศาสตร์-นรีเวชวิทยา คณะแพทยสาสตร์ จุฬาลงกรณ์มหาวิทยาลัย,^c2555
300    ^a68 หน้า :^bภาพประกอบ(สีบางภาพ), 20 ซม.
500    ^aสูติศาสตร์
505 0  ^a1.Principle and instrumentation--2.Colposcopic Terminology--3.Management of Abnormal Cervical Cytology.
650  7 ^aการตรวจปากมดลูก
650  7 ^aกล้องขยายทางช่องคลอด
650  0 ^aปากมดลูก
650  0 ^aกล้องขยาย
650  0 ^aสูติศาสตร์
700 0  ^aอภิชัย วศุรัตน์
700 0  ู^aสมชัย นิรุตติศาศน์,
710 1  ^aจุฬาลงกรณ์มหาวิทยาลัย
945    ^p280^l0^i23361
945    ^p280^l0^i23362
945    ^p280^l0^i23363
945    ^p280^l0^i23364
945    ^p280^l0^i23365
999    ^aทศพร เกษรทอง
รายการนี้ยังไม่มีแท็ก
คุณยังไม่ได้ล็อกอิน คุณสามารถมีกิจกรรมร่วมกับเว็บไซต์ได้ แต่ต้องล็อกอินก่อน ::
  ล็อกอิน

รายการสื่อสารสนเทศ

ลำดับที่ ประเภท เลขเรียก/บาร์โค้ด สถานที่ สถานะ
1. วิทยาศาสตร์การแพทย์ และสุขภาพ
วิทยาศาสตร์การแพทย์ และสุขภาพ
สถานะ=หนังสือเก่า
WP250 ช561ก ฉ.1 
  Barcode: 23361
ห้องสมุดวิทยาเขตนครสวรรค์
►ส่วนจัดเก็บหนังสือเก่า นว.
บนชั้น
  ขอยืม
2. วิทยาศาสตร์การแพทย์ และสุขภาพ
วิทยาศาสตร์การแพทย์ และสุขภาพ
สถานะ=หนังสือเก่า
WP250 ช561ก ฉ.2 
  Barcode: 23362
ห้องสมุดวิทยาเขตนครสวรรค์
►ส่วนจัดเก็บหนังสือเก่า นว.
บนชั้น
  ขอยืม
3. วิทยาศาสตร์การแพทย์ และสุขภาพ
วิทยาศาสตร์การแพทย์ และสุขภาพ
สถานะ=หนังสือเก่า
WP250 ช561ก ฉ.3 
  Barcode: 23363
ห้องสมุดวิทยาเขตนครสวรรค์
►ส่วนจัดเก็บหนังสือเก่า นว.
บนชั้น
  ขอยืม
4. วิทยาศาสตร์การแพทย์ และสุขภาพ
วิทยาศาสตร์การแพทย์ และสุขภาพ
สถานะ=หนังสือเก่า
WP250 ช561ก ฉ.4 
  Barcode: 23364
ห้องสมุดวิทยาเขตนครสวรรค์
►ส่วนจัดเก็บหนังสือเก่า นว.
บนชั้น
  ขอยืม
5. วิทยาศาสตร์การแพทย์ และสุขภาพ
วิทยาศาสตร์การแพทย์ และสุขภาพ
สถานะ=หนังสือเก่า
WP250 ช561ก ฉ.5 
  Barcode: 23365
ห้องสมุดวิทยาเขตนครสวรรค์
►ส่วนจัดเก็บหนังสือเก่า นว.
บนชั้น
  ขอยืม

รายการใกล้เคียง
    ผู้แต่ง [ชินา โอฬาธรัตนพันธ์]

    หัวเรื่อง [การตรวจปากมดลูก]
    หัวเรื่อง [กล้องขยายทางช่องคลอด]
    หัวเรื่อง [ปากมดลูก]
    หัวเรื่อง [กล้องขยาย]
    หัวเรื่อง [สูติศาสตร์]

BibComment


ยังไม่เคยถูกคอมเมนท์

คอมเมนท์ทรัพยากรรายการนี้
  คอมเมนท์: การตรวจปากมดลูก ..


 Copyright 2026. Bcnsprnw @Library